| Поле | Название | Значение |
| |
Тип записи |
a |
| |
Библиографический уровень |
m |
| 001 |
Контрольный номер |
RU/УОНБ/EK_N/593711493 |
| 005 |
Дата корректировки |
20251125130929.4 |
| 010 |
Индекс ISBN |
__ |
| 9 |
Тираж |
23500 экз. |
| 013 |
Номер (ISMN) |
__ |
| d |
Цена |
1 р. 30 к. |
| 071 |
Издательские номер (звукозапись и ноты) |
21 |
| a |
Номер, присвоенный агентством |
12866 |
| 100 |
Данные общей обработки |
__ |
| a |
Данные общей обработки |
20181024d1985 u y0rusy0189||||ca |
| 101 |
Язык документа |
0_ |
| a |
Язык текста |
rus |
| f |
Язык титульного листа |
rus |
| 102 |
Страна публикации |
__ |
| a |
Страна публикации |
RU |
| 105 |
Кодированные данные (монография) |
__ |
| a |
Кодированные данные (монография) |
y###||||000|y |
| 125 |
Кодированные данные звукозаписи и нотных изданий |
__ |
| a |
Форма изложения нотного текста |
с| |
| 128 |
Кодированные данные (звукозаписи-физические характеристики) |
__ |
| a |
Кодированные данные: Музыкальная форма и тональность или лад |
zz |
| b |
Инструменты или голоса, необходимые для ансамблей (устаревшее) |
cu|| |
| c |
Инструменты или голоса, рекомендуемые для солистов (устаревшее) |
vu|| |
| 200 |
Заглавие и сведения об ответственности |
1_ |
| a |
Заглавие |
Вып. 5 |
| b |
Общее обозначение материала |
Ноты |
| f |
Первые сведения об ответственности |
сост. Н. Горлов |
| 210 |
Выходные данные |
1_ |
| d |
Дата издания |
1985 |
| 215 |
Физическое описание |
__ |
| a |
Объем |
191 с. |
| 327 |
Примечание о содержании |
11 |
| a |
Примечание о содержании |
Содерж. : Песни для хора в сопровождении фортепиано (баяна) : Новиков А. Родина моя / сл. Л. Ошанина. - Шостакович Д. Песня мира / сл. Е. Долматовского. - Мурадели В. Поля России / сл. А. Коваленкова. - Хренников Т. Песня артиллеристов : из кф. "В шесть часов вечера после войны" / перелож. Н. Горлова ; сл. В. Гусева. - Коростелев Б. А солдата умеешь ты ждать / сл. С. Бенке. - Мой муженька-работешенька : рус. нар. шуточная песня / обраб. Л. Шохина. - Песни для народного хора в сопровождении баяна : Захарченко В. Принимай, страна, наш кубанский хлеб! / сл. С. Хохлова. - Захаров В. Березняк густой / сл. А. Твардовского. - Аверкин А. Ромашка - белый цвет / сл. И. Лашкова. - Что во садику : свадебная величальная песня / записано от М. Мордасовой ; обраб. А. Широкова. - Произведения для вокальных ансамблей с инструментальным сопровождением : Дунаевский И. Куплеты Фомы и Филиппа из оперетты "Вольный ветер" / сл. В. Винникова, В. Крахта и В. Типота. - Эшпай А. Неповторимая весна / сл. Л. Дербенева. - Пташкограй Н. Лирическая / сл. Г. Лагздынь. - Ларин А. Маленькая сюита : для жен. вок. ансамбля и балалайки. - Песни для солистов в сопровождении баяна : Кузнецов Е. Я дочь твоя, Россия / сл. Б. Белова. - Голиков В. Песня молодых солдат / сл. М. Садовского. - Огонёк / сл. М. Исаковского. - Гевиксман В. Берёзовые сны : из киноэпопеи "Великая Отечественная" / перелож. В. Нестерова ; сл. Г. Фере. - Лебедев А. Поздний соловей / сл. Н. Рыленкова. - Шендеров Г. Первое свидание / сл. А. Тесаровой. - Назарова Т. Речка быстрая / сл. Г. Георгиева. - Гурилев А. Колокольчик / сл. И. Макарова. - Песни в сопровождении инструментального ансамбля : Мокроусов Б. Заветный камень / перелож. И. Герауса ; сл. А. Жарова. - Дунаевский И. Ой, цветет калина / перелож. И. Герауса ; сл. М. Исаковского. - Кудрин Н. Сапожки русские / перелож. И. Герауса ; сл. А. Щербань. - Вечерний звон : рус. нар. песня / перелож. И. Герауса ; сл. И. Козлова. - Концертные пьесы для отдельных инструментов : Гридин В. Весёлый хоровод. - Мотов В. Протяжная. - Выйду ль я на реченьку : рус. нар. песня / обраб. Н. Горлова. - Ёлочки-сосёночки : воронежские припевки / обраб. А. Широкова. - Песни в сопровождении гитары : Новиков А. Дороги / сл. Л. Ошанина. - Богословский Н. Тёмная ночь / сл. В. Агатова. - Блантер М. Моя любимая / сл. Е. Долматовского. - Пьесы для различных инструментальных ансамблей : Огинский М. Элегический полонез / перелож. В. Гаврилова. - Свиридов Г. Вальс : из музыки к повести А. С. Пушкина "Метель" / перелож. В. Нестерова. - Бурмистров А. На отдыхе. - Нестеров В. Русская песня. - Голиков В. Осенний свет. - Музыка к танцам : Венгерский танец. - Морозов И. Полька : из балета "Доктор Айболит". - Киселев Б. Кадриль. - Хаперский В. Юность : сольный парный танец. - Блок В. Быстрица : танцевальная пьеса. - Частушки, сатирические куплеты : Поликарпов Н. Частушки-задирушки / сл. М. Маркова ; Изменил залетка мне / сл. В. Бокова. - На селе я запевала : частушки Чкаловской области / запись Ф. Филина ; обраб. А. Широкова ; сл. А. Владимирова. - Лученок И. Дударики / сл. А. Гречаникова ; пер. с белорус. Б. Брусникова. - Шендерев Г. Два киоска вдоль села / сл. C. Абрамова. |
| 461 |
Уровень набора |
_0 |
| 1 |
|
001RU/IS/BASE/593616144 |
| 1 |
|
200 |
| a |
|
Концерт в сельском клубе |
| b |
|
Ноты |
| e |
|
[для пения (соло, ансамбль, хор) с сопровожд. фп., баяна, гитары, инструм. ансамбля и для отдельных инструментов и различных инструм. ансамблей] |
| v |
|
Вып. 5 |
| 1 |
|
210 |
| a |
|
М. |
| c |
|
Музыка |
| d |
|
1981 - |
| 1 |
|
225 |
| a |
|
Художественной самодеятельности |
| 464 |
Аналитический уровень |
_0 |
| 1 |
|
2001 |
| a |
|
Родина моя |
| e |
|
Родина моя... |
| 1 |
|
700 1 |
| a |
|
Новиков |
| b |
|
А. |
| 1 |
|
702 1 |
| a |
|
Ошанин |
| b |
|
Л. |
| 4 |
|
520 |
| 464 |
Аналитический уровень |
_0 |
| 1 |
|
2001 |
| a |
|
Песня мира |
| e |
|
Ветер мира колышет знамена побед... |
| 1 |
|
700 1 |
| a |
|
Шостакович |
| b |
|
Д. |
| 1 |
|
702 1 |
| a |
|
Долматовский |
| b |
|
Е. |
| 4 |
|
520 |
| 464 |
Аналитический уровень |
_0 |
| 1 |
|
2001 |
| a |
|
Поля России |
| e |
|
Поля России... |
| 1 |
|
700 1 |
| a |
|
Мурадели |
| b |
|
В. |
| 1 |
|
702 1 |
| a |
|
Коваленков |
| b |
|
А. |
| 4 |
|
520 |
| 464 |
Аналитический уровень |
_0 |
| 1 |
|
2001 |
| a |
|
Песня артиллеристов |
| e |
|
Горит в сердцах у нас любовь к земле родимой... |
| e |
|
из кф. "В шесть часов вечера после войны" |
| 1 |
|
700 1 |
| a |
|
Хренников |
| b |
|
Т. |
| 1 |
|
702 1 |
| a |
|
Горлов |
| b |
|
Н. |
| 4 |
|
030 |
| 1 |
|
702 1 |
| a |
|
Гусев |
| b |
|
В. |
| 4 |
|
520 |
| 1 |
|
50010 |
| a |
|
В шесть часов вечера после войны |
| 464 |
Аналитический уровень |
_0 |
| 1 |
|
2001 |
| a |
|
А солдата умеешь ты ждать |
| e |
|
Все зовут тебя нежно Аленушкой... |
| 1 |
|
700 1 |
| a |
|
Коростелев |
| b |
|
Б. |
| 1 |
|
702 1 |
| a |
|
Бенке |
| b |
|
С. |
| 4 |
|
520 |
| 464 |
Аналитический уровень |
_0 |
| 1 |
|
2001 |
| a |
|
Мой муженька-работешенька |
| e |
|
Мой муженька-работешенька... |
| e |
|
рус. нар. шуточная песня |
| 1 |
|
702 1 |
| a |
|
Шохин |
| b |
|
Л. |
| 4 |
|
030 |
| 464 |
Аналитический уровень |
_0 |
| 1 |
|
2001 |
| a |
|
Принимай, страна, наш кубанский хлеб! |
| e |
|
Ой, да Краснодарский край... |
| 1 |
|
700 1 |
| a |
|
Захарченко |
| b |
|
В. |
| 1 |
|
702 1 |
| a |
|
Хохлов |
| b |
|
С. |
| 4 |
|
520 |
| 464 |
Аналитический уровень |
_0 |
| 1 |
|
2001 |
| a |
|
Березняк густой |
| e |
|
Березняк густой... |
| 1 |
|
700 1 |
| a |
|
Захаров |
| b |
|
В. |
| 1 |
|
702 1 |
| a |
|
Твардовский |
| b |
|
А. |
| 4 |
|
520 |
| 464 |
Аналитический уровень |
_0 |
| 1 |
|
2001 |
| a |
|
Ромашка - белый цвет |
| e |
|
Я гадаю на ромашке... |
| 1 |
|
700 1 |
| a |
|
Аверкин |
| b |
|
А. |
| 1 |
|
702 1 |
| a |
|
Лашков |
| b |
|
И. |
| 4 |
|
520 |
| 464 |
Аналитический уровень |
_0 |
| 1 |
|
2001 |
| a |
|
Что во садику |
| e |
|
Что во садику, во садику... |
| e |
|
свадебная величальная песня |
| 1 |
|
700 1 |
| a |
|
Мордасова |
| b |
|
М. |
| 1 |
|
702 1 |
| a |
|
Широков |
| b |
|
А. |
| 4 |
|
030 |
| 464 |
Аналитический уровень |
_0 |
| 1 |
|
2001 |
| a |
|
Куплеты Фомы и Филиппа |
| e |
|
Есть у нас один моряк... |
| e |
|
из оперетты "Вольный ветер" |
| 1 |
|
700 1 |
| a |
|
Дунаевский |
| b |
|
И. |
| 1 |
|
702 1 |
| a |
|
Винников |
| b |
|
В. |
| 4 |
|
520 |
| 1 |
|
702 1 |
| a |
|
Крахт |
| b |
|
В. |
| 4 |
|
520 |
| 1 |
|
702 1 |
| a |
|
Типот |
| b |
|
В. |
| 4 |
|
520 |
| 1 |
|
50010 |
| a |
|
Вольный ветер |
| 464 |
Аналитический уровень |
_0 |
| 1 |
|
2001 |
| a |
|
Неповторимая весна |
| e |
|
Отчего вдруг стала песня грустною... |
| 1 |
|
700 1 |
| a |
|
Эшпай |
| b |
|
А. |
| 1 |
|
702 1 |
| a |
|
Дербенев |
| b |
|
Л. |
| 4 |
|
520 |
| 464 |
Аналитический уровень |
_0 |
| 1 |
|
2001 |
| a |
|
Лирическая |
| e |
|
Раскидали клены листья золотые... |
| 1 |
|
700 1 |
| a |
|
Пташкограй |
| b |
|
Н. |
| 1 |
|
702 1 |
| a |
|
Лагздынь |
| b |
|
Г. |
| 4 |
|
520 |
| 464 |
Аналитический уровень |
_0 |
| 1 |
|
2001 |
| a |
|
Маленькая сюита |
| e |
|
для жен. вок. ансамбля и балалайки |
| 1 |
|
700 1 |
| a |
|
Ларин |
| b |
|
А. |
| 464 |
Аналитический уровень |
_0 |
| 1 |
|
2001 |
| a |
|
Я дочь твоя, Россия |
| e |
|
Люблю твои просторы ветровые... |
| 1 |
|
700 1 |
| a |
|
Кузнецов |
| b |
|
Е. |
| 1 |
|
702 1 |
| a |
|
Белов |
| b |
|
Б. |
| 4 |
|
520 |
| 464 |
Аналитический уровень |
_0 |
| 1 |
|
2001 |
| a |
|
Песня молодых солдат |
| e |
|
Мы вместе в "Зарницу" играли вчера... |
| 1 |
|
700 1 |
| a |
|
Голиков |
| b |
|
В. |
| 1 |
|
702 1 |
| a |
|
Садовский |
| b |
|
М. |
| 4 |
|
520 |
| 464 |
Аналитический уровень |
_0 |
| 1 |
|
2001 |
| a |
|
Огонёк |
| e |
|
На позиции девушка провожала бойца... |
| 1 |
|
702 1 |
| a |
|
Исаковский |
| b |
|
М. |
| 4 |
|
520 |
| 464 |
Аналитический уровень |
_0 |
| 1 |
|
2001 |
| a |
|
Берёзовые сны |
| e |
|
Земля снегов и лебединых облаков... |
| e |
|
из киноэпопеи "Великая Отечественная" |
| 1 |
|
700 1 |
| a |
|
Гевиксман |
| b |
|
В. |
| 1 |
|
702 1 |
| a |
|
Нестеров |
| b |
|
В. |
| 4 |
|
030 |
| 1 |
|
702 1 |
| a |
|
Фере |
| b |
|
Г. |
| 4 |
|
520 |
| 1 |
|
50010 |
| a |
|
Великая Отечественная |
| 464 |
Аналитический уровень |
_0 |
| 1 |
|
2001 |
| a |
|
Поздний соловей |
| e |
|
Ранним летом в кустах лозняка соловьи... |
| 1 |
|
700 1 |
| a |
|
Лебедев |
| b |
|
А. |
| 1 |
|
702 1 |
| a |
|
Рыленков |
| b |
|
Н. |
| 4 |
|
520 |
| 464 |
Аналитический уровень |
_0 |
| 1 |
|
2001 |
| a |
|
Первое свидание |
| e |
|
Вьется речка голубая меж тенистых берегов... |
| 1 |
|
700 1 |
| a |
|
Шендеров |
| b |
|
Г. |
| 1 |
|
702 1 |
| a |
|
Тесарова |
| b |
|
А. |
| 4 |
|
520 |
| 464 |
Аналитический уровень |
_0 |
| 1 |
|
2001 |
| a |
|
Речка быстрая |
| e |
|
Речка быстрая по камешкам спешит... |
| 1 |
|
700 1 |
| a |
|
Назарова |
| b |
|
Т. |
| 1 |
|
702 1 |
| a |
|
Георгиев |
| b |
|
Г. |
| 4 |
|
520 |
| 464 |
Аналитический уровень |
_0 |
| 1 |
|
2001 |
| a |
|
Колокольчик |
| e |
|
Однозвучно гремит колокольчик... |
| 1 |
|
700 1 |
| a |
|
Гурилев |
| b |
|
А. |
| 1 |
|
702 1 |
| a |
|
Макаров |
| b |
|
И. |
| 4 |
|
520 |
| 464 |
Аналитический уровень |
_0 |
| 1 |
|
2001 |
| a |
|
Заветный камень |
| e |
|
Холодные волны вздымает лавиной... |
| 1 |
|
700 1 |
| a |
|
Мокроусов |
| b |
|
Б. |
| 1 |
|
702 1 |
| a |
|
Гераус |
| b |
|
И. |
| 4 |
|
030 |
| 1 |
|
702 1 |
| a |
|
Жаров |
| b |
|
А. |
| 4 |
|
520 |
| 464 |
Аналитический уровень |
_0 |
| 1 |
|
2001 |
| a |
|
Ой, цветет калина |
| e |
|
Ой, цветет калина в поле у ручья... |
| 1 |
|
700 1 |
| a |
|
Дунаевский |
| b |
|
И. |
| 1 |
|
702 1 |
| a |
|
Гераус |
| b |
|
И. |
| 4 |
|
520 |
| 1 |
|
702 1 |
| a |
|
Исаковский |
| b |
|
М. |
| 4 |
|
520 |
| 464 |
Аналитический уровень |
_0 |
| 1 |
|
2001 |
| a |
|
Сапожки русские |
| e |
|
В старину, бывало, к милому... |
| 1 |
|
700 1 |
| a |
|
Кудрин |
| b |
|
Н. |
| 1 |
|
702 1 |
| a |
|
Гераус |
| b |
|
И. |
| 4 |
|
030 |
| 1 |
|
702 1 |
| a |
|
Щербань |
| b |
|
А. |
| 4 |
|
520 |
| 464 |
Аналитический уровень |
_0 |
| 1 |
|
2001 |
| a |
|
Вечерний звон |
| e |
|
Вечерний звон, вечерний звон!.. |
| e |
|
рус. нар. песня |
| 1 |
|
702 1 |
| a |
|
Гераус |
| b |
|
И. |
| 4 |
|
030 |
| 1 |
|
702 1 |
| a |
|
Козлов |
| b |
|
И. |
| 4 |
|
520 |
| 464 |
Аналитический уровень |
_0 |
| 1 |
|
2001 |
| a |
|
Весёлый хоровод |
| 1 |
|
700 1 |
| a |
|
Гридин |
| b |
|
В. |
| 464 |
Аналитический уровень |
_0 |
| 1 |
|
2001 |
| a |
|
Протяжная |
| 1 |
|
700 1 |
| a |
|
Мотов |
| b |
|
В. |
| 464 |
Аналитический уровень |
_0 |
| 1 |
|
2001 |
| a |
|
Выйду ль я на реченьку |
| e |
|
рус. нар. песня |
| 1 |
|
702 1 |
| a |
|
Горлов |
| b |
|
Н. |
| 4 |
|
030 |
| 464 |
Аналитический уровень |
_0 |
| 1 |
|
2001 |
| a |
|
Ёлочки-сосёночки |
| e |
|
воронежские припевки |
| 1 |
|
702 1 |
| a |
|
Широков |
| b |
|
А. |
| 4 |
|
030 |
| 464 |
Аналитический уровень |
_0 |
| 1 |
|
2001 |
| a |
|
Дороги |
| e |
|
Эх, дороги... |
| 1 |
|
700 1 |
| a |
|
Новиков |
| b |
|
А. |
| 1 |
|
702 1 |
| a |
|
Ошанин |
| b |
|
Л. |
| 4 |
|
520 |
| 464 |
Аналитический уровень |
_0 |
| 1 |
|
2001 |
| a |
|
Тёмная ночь |
| e |
|
Темная ночь, только пули свистят по степи... |
| 1 |
|
700 1 |
| a |
|
Богословский |
| b |
|
Н. |
| 1 |
|
702 1 |
| a |
|
Агатов |
| b |
|
В. |
| 4 |
|
520 |
| 464 |
Аналитический уровень |
_0 |
| 1 |
|
2001 |
| a |
|
Моя любимая |
| e |
|
Я уходил тогда в поход... |
| 1 |
|
700 1 |
| a |
|
Блантер |
| b |
|
М. |
| 1 |
|
702 1 |
| a |
|
Долматовский |
| b |
|
Е. |
| 4 |
|
520 |
| 464 |
Аналитический уровень |
_0 |
| 1 |
|
2001 |
| a |
|
Элегический полонез |
| 1 |
|
700 1 |
| a |
|
Огинский |
| b |
|
М. |
| 1 |
|
702 1 |
| a |
|
Гаврилов |
| b |
|
В. |
| 4 |
|
030 |
| 464 |
Аналитический уровень |
_0 |
| 1 |
|
2001 |
| a |
|
Вальс |
| e |
|
из музыки к повести А. С. Пушкина "Метель" |
| 1 |
|
700 1 |
| a |
|
Свиридов |
| b |
|
Г. |
| 1 |
|
702 1 |
| a |
|
Нестеров |
| b |
|
В. |
| 4 |
|
030 |
| 1 |
|
50010 |
| a |
|
Метель |
| 464 |
Аналитический уровень |
_0 |
| 1 |
|
2001 |
| a |
|
На отдыхе |
| 1 |
|
700 1 |
| a |
|
Бурмистров |
| b |
|
А. |
| 464 |
Аналитический уровень |
_0 |
| 1 |
|
2001 |
| a |
|
Русская песня |
| 1 |
|
700 1 |
| a |
|
Нестеров |
| b |
|
В. |
| 464 |
Аналитический уровень |
_0 |
| 1 |
|
2001 |
| a |
|
Осенний свет |
| 1 |
|
700 1 |
| a |
|
Голиков |
| b |
|
В. |
| 464 |
Аналитический уровень |
_0 |
| 1 |
|
2001 |
| a |
|
Венгерский танец |
| 464 |
Аналитический уровень |
_0 |
| 1 |
|
2001 |
| a |
|
Полька |
| e |
|
из балета "Доктор Айболит" |
| 1 |
|
700 1 |
| a |
|
Морозов |
| b |
|
И. |
| 1 |
|
50010 |
| a |
|
Доктор Айболит |
| 464 |
Аналитический уровень |
_0 |
| 1 |
|
2001 |
| a |
|
Кадриль |
| 1 |
|
700 1 |
| a |
|
Киселев |
| b |
|
Б. |
| 464 |
Аналитический уровень |
_0 |
| 1 |
|
2001 |
| a |
|
Юность |
| e |
|
сольный парный танец |
| 1 |
|
700 1 |
| a |
|
Хаперский |
| b |
|
В. |
| 464 |
Аналитический уровень |
_0 |
| 1 |
|
2001 |
| a |
|
Быстрица |
| e |
|
танцевальная пьеса |
| 1 |
|
700 1 |
| a |
|
Блок |
| b |
|
В. |
| 464 |
Аналитический уровень |
_0 |
| 1 |
|
2001 |
| a |
|
Частушки-задирушки |
| e |
|
Ну-ка, девушки-подружки... |
| 1 |
|
700 1 |
| a |
|
Поликарпов |
| b |
|
Н. |
| 1 |
|
702 1 |
| a |
|
Марков |
| b |
|
М. |
| 4 |
|
520 |
| 464 |
Аналитический уровень |
_0 |
| 1 |
|
2001 |
| a |
|
На селе я запевала |
| e |
|
На селе я запевала... |
| e |
|
частушки Чкаловской обл. |
| 1 |
|
700 1 |
| a |
|
Филин |
| b |
|
Ф. |
| 1 |
|
702 1 |
| a |
|
Широков |
| b |
|
А. |
| 4 |
|
030 |
| 1 |
|
702 1 |
| a |
|
Владимиров |
| b |
|
А. |
| 4 |
|
520 |
| 464 |
Аналитический уровень |
_0 |
| 1 |
|
2001 |
| a |
|
Дударики |
| e |
|
Ой, летели, ой, летели... |
| 1 |
|
700 1 |
| a |
|
Лученок |
| b |
|
И. |
| 1 |
|
702 1 |
| a |
|
Гречаников |
| b |
|
А. |
| 4 |
|
520 |
| 1 |
|
702 1 |
| a |
|
Брусников |
| b |
|
Б. |
| 4 |
|
730 |
| 464 |
Аналитический уровень |
_0 |
| 1 |
|
2001 |
| a |
|
Два киоска вдоль села |
| e |
|
Вьюга к вечеру кружила... |
| 1 |
|
700 1 |
| a |
|
Шендерев |
| b |
|
Г. |
| 1 |
|
702 1 |
| a |
|
Абрамов |
| b |
|
С. |
| 4 |
|
520 |
| 464 |
Аналитический уровень |
_0 |
| 1 |
|
2001 |
| a |
|
Изменил залетка мне |
| e |
|
Изменил залетка мне... |
| e |
|
частушки |
| 1 |
|
700 1 |
| a |
|
Поликарпов |
| b |
|
Н. |
| 1 |
|
702 1 |
| a |
|
Боков |
| b |
|
В. |
| 4 |
|
520 |
| 464 |
Аналитический уровень |
_0 |
| 1 |
|
2001 |
| a |
|
Жила-была Дуня |
| e |
|
Жила-была Дуня... |
| 1 |
|
700 1 |
| a |
|
Ларин |
| b |
|
А. |
| 1 |
|
702 1 |
| a |
|
Слова народные |
| 4 |
|
520 |
| 1 |
|
50010 |
| a |
|
Маленькая сюита |
| 464 |
Аналитический уровень |
_0 |
| 1 |
|
2001 |
| a |
|
Что, березонька? |
| e |
|
Что, березонька?.. |
| 1 |
|
700 1 |
| a |
|
Ларин |
| b |
|
А. |
| 1 |
|
702 1 |
| a |
|
Фирсов |
| b |
|
В. |
| 4 |
|
520 |
| 1 |
|
50010 |
| a |
|
Маленькая сюита |
| 464 |
Аналитический уровень |
_0 |
| 1 |
|
2001 |
| a |
|
Саратовские частушки |
| e |
|
Пой, подружка, веселей... |
| 1 |
|
700 1 |
| a |
|
Ларин |
| b |
|
А. |
| 1 |
|
702 1 |
| a |
|
Слова народные |
| 4 |
|
520 |
| 1 |
|
50010 |
| a |
|
Маленькая сюита |
| 512 |
Заглавие обложки |
1_ |
| a |
Заглавие обложки |
Концерт в сельском клубе |
| 606 |
Тематические рубрики |
0_ |
| a |
Основная рубрика |
Репертуар художественной самодеятельности |
| x |
Основная подрубрика |
Хоровые произведения |
| x |
Основная подрубрика |
Хоры народные |
| x |
Основная подрубрика |
Ансамбли вокальные |
| x |
Основная подрубрика |
Песни |
| x |
Основная подрубрика |
Ансамбли инструментальные |
| x |
Основная подрубрика |
Гитара |
| x |
Основная подрубрика |
Концертные пьесы |
| x |
Основная подрубрика |
Пьесы |
| x |
Основная подрубрика |
Танцевальная музыка |
| x |
Основная подрубрика |
Частушки |
| 610 |
Ключевые слова |
0_ |
| a |
Ключевые слова |
репертуар художественной самодеятельности |
| 610 |
Ключевые слова |
0_ |
| a |
Ключевые слова |
хоровые произведения |
| 610 |
Ключевые слова |
0_ |
| a |
Ключевые слова |
народные хоры |
| 610 |
Ключевые слова |
0_ |
| a |
Ключевые слова |
вокальные ансамбли |
| 610 |
Ключевые слова |
0_ |
| a |
Ключевые слова |
ансамбли инструментальные |
| 610 |
Ключевые слова |
0_ |
| a |
Ключевые слова |
песни |
| 610 |
Ключевые слова |
0_ |
| a |
Ключевые слова |
гитара |
| 610 |
Ключевые слова |
0_ |
| a |
Ключевые слова |
концертные пьесы |
| 610 |
Ключевые слова |
0_ |
| a |
Ключевые слова |
пьесы |
| 610 |
Ключевые слова |
0_ |
| a |
Ключевые слова |
танцевальная музыка |
| 610 |
Ключевые слова |
0_ |
| a |
Ключевые слова |
частушки |
| 686 |
Индексы других классификаций |
__ |
| a |
Классификационный индекс |
85.9я436 |
| 2 |
Код системы |
rubbk |
| 702 |
Вторичная интеллектуальная ответственность |
_1 |
| a |
Фамилия |
Горлов |
| b |
Имя (инициалы) |
Н. Б. |
| 4 |
Код отношения |
220 |
| 801 |
Источник записи |
_0 |
| a |
Страна |
RU |
| b |
Организация |
Ульяновская ОНБ |
| c |
Дата составления |
20181024 |
| g |
Правила каталогизации |
RCR |
| 801 |
Источник записи |
_1 |
| a |
Страна |
RU |
| b |
Организация |
Ульяновская ОНБ |
| c |
Дата составления |
20181024 |
| g |
Правила каталогизации |
RCR |
| 901 |
Тип документа |
__ |
| t |
Тип документа |
n |
| w |
Контрольный № источника |
RU/IS/BASE/593616144 |
| 909 |
Создатель записи |
__ |
| a |
Создатель записи |
Грязнова И. Е. |
| 938 |
Служебная информация |
__ |
| a |
Имя БД |
noti |
| b |
Имя библиотеки |
УОНБ |
| c |
Имя АИБС |
МАРК-SQL |
| d |
Номер DOC_ID в БД |
19321 |